000 00475nam a2200157Ia 4500
008 240729s9999 xx 000 0 und d
022 _a2409-0026
245 0 _aEAI Endorsed Transactions on Context-aware Systems and Applications
260 _aBelgium
260 _bEuropean Alliance for Innovation (EAI)
650 _a Technology (General)
650 _aTechnology
856 _uhttps://doaj.org/toc/d88dd7cb81e245638781be310874e2f8
942 _2ddc
942 _cDOAJEJ
999 _c69896
_d69896
945 _a1
_bMadushi Gamage
_c1
_dMadushi Gamage